Представление документа в формате MARC21

ПолеНазваниеЗначение
  Тип записи a
  Библиографический уровень m
001 Контрольный номер RU\infra-m\znanium\bibl\2236941
005 Дата корректировки 20260429142117.7
008 Кодируемые данные 260120s2025 RU g rus u
020 Индекс ISBN __
a ISBN 978-5-00223-344-1
040 Источник каталогиз. __
a Служба первич. каталог. Общество с ограниченной ответственностью «ЗНАНИУМ»
041 Код языка издания __
a Код языка текста rus
044 Код страны публикации __
a Код страны публикации RU
080 Индекс УДК __
a Индекс УДК 82
084 Индекс другой классификации/Индекс ББК __
2 Источник индекса rubbk
a Индекс другой классификации/Индекс ББК 83
084 Индекс другой классификации/Индекс ББК __
2 Источник индекса okso
a Индекс другой классификации/Индекс ББК 45.03.01
084 Индекс другой классификации/Индекс ББК __
2 Источник индекса okso
a Индекс другой классификации/Индекс ББК 45.03.02
100 Автор __
a Автор Диккерс С.
q Полное имя Диккерс Скотт
245 Заглавие __
a Заглавие Уже смешно: Как писать комические тексты
b Продолж. заглавия Практическое пособие
250 Сведения об издании __
a Основные сведения об издании 1
260 Выходные данные __
a Место издания Москва
b Издательство ООО "Альпина нон-фикшн"
c Дата издания 2026
300 Физическое описание __
a Объем 208 с.
520 Аннотация __
a Аннотация Книга «Уже смешно: Как писать комические тексты» — ваш путеводитель в мире комедии и юмора. Если вы задавались вопросом как рассказывать шутки друзьям как добавить юмора в свои тексты или презентацию как сделать остроумным устное выступление то здесь вы найдете простую формулу написания шуток которую используют профессионалы. Скотт Диккерс научит вас придумывать шутки заставляющие людей смеяться до слез и раскроет секреты написания действительно смешных текстов и сценариев которые покорят сердца читателей и зрителей.
521 Примеч. о цел. назн. __
a Примеч. о целев. назн. Дополнительное образование
650 Тематические рубрики __
a Основная рубрика Филологические науки
x Основная подрубрика Теория литературы
655 Указ. предметных рубрик (устаревшее) __
a Жанр/ форма (устаревшее) Практическое пособие
856 Электронный адрес документа 4_
a Имя сервера/домена znanium.ru
m Помощь ebs_support@infra-m.ru
n Местонахождение сервера НИЦ ИНФРА-М
u URL https://znanium.ru/catalog/document?id=474701
856 Электронный адрес документа 48
a Имя сервера/домена znanium.ru
d Путь /cover/2236
f Электронное имя 2236941.jpg
q Тип электронного формата image/jpeg
u URL https://znanium.ru/cover/2236/2236941.jpg
911 __
u 0030=https://znanium.ru/catalog/document?id=474701